00516 2200217 4500001002100000005001500021035002500036008004100061040001200102041000800114082001000122084001400132090001600146245002000162260003700182300002300219650001400242650001200256850001200268990001800280INLIS00000000003098320180530102936 a0010-091700000000351180530 f 0 ind  aYOPDYOG0 aind a294.3 a294.3 SUT aL 294.3 Sut aSutta Pittaka V aJakarta :bDanau Batur,c[ s.a ] a114 hlm. ;c20 cm. aBuddhisme aTulisan aYOPDYOG a57094-PD/A.17